| 000 | 00714nam a2200253Ia 4500 | ||
|---|---|---|---|
| 003 | BUBTL | ||
| 008 | 151213s9999 xx 000 0 und d | ||
| 020 | _a9788126556403 | ||
| 082 | _a515 / An885c | ||
| 100 |
_aAnton, Howard _94040 |
||
| 245 |
_aCalculus : Late Transcendentals / _cHoward Anton,Irl Bivens, Stephen Davis |
||
| 250 | _a10th ed | ||
| 260 |
_aToronto : _b Wiley _cc2013. |
||
| 300 |
_axix,1168 p. : _c24 cm. |
||
| 500 | _aIncludes Index | ||
| 650 |
_aMathematics _94043 |
||
| 650 |
_aMathematics _94043 |
||
| 700 |
_aBivens, Irl _94041 |
||
| 700 |
_aDavis, Stephen _94042 |
||
| 760 | _b10th | ||
| 856 |
_k0 _l0 _yDownload |
||
| 942 |
_2ddc _cBK |
||
| 999 |
_c6481 _d6481 |
||